[Event "Bunratty Masters 2013"]
[Site "Bunratty IRL"]
[Date "2013.03.01"]
[Round "1"]
[White "Annesley, Gareth"]
[Black "Moynihan, Kieran"]
[Result "0-1"]
[WhiteElo "1925"]
[BlackElo "2179"]
[BlackICU "2107"]
[WhiteClub "Mallusk"]
[BlackClub "C.C.Y.M.S."]
[WhiteNationality "IRL"]
[BlackNationality "IRL"]
[WhiteFideId "2505762"]
[BlackFideId "2500663"]
[BlackICUId "929"]
[PlyCount "66"]
[Venue "Bunratty Castle Hotel, Bunratty, Co. Clare"]
[EventDate "2013.03.01"]

{ Event information: <a
href="https://www.irlchess.com/bunratty2013_allfiles/pairings_bunratty2013.html">Tournament
report</a>. }

1. e4 e5 2. Nf3 Nc6 3. Bb5 a6 4. Ba4 Nf6 5. O-O Be7 6. Re1 b5 7. Bb3 O-O 8.
c3 d5 9. exd5 Nxd5 10. Nxe5 Nxe5 11. Rxe5 c6 12. Re1 Bd6 13. d4 Qh4 14. g3
Qh3 15. Qf3 Bg4 16. Qg2 Qh5 17. Be3 Bf3 18. Qf1 f5 19. Nd2 f4 20. Nxf3 fxe3
21. Rxe3 Rxf3 22. Re6 Rd8 23. c4 bxc4 24. Qxc4 Rxf2 25. Kxf2 Qxh2+ 26. Ke1
Bxg3+ 27. Kd1 Qg1+ 28. Kc2 Qxa1 29. Rxc6 Bf4 30. Kd3 Qf1+ 31. Ke4 Qg2+ 32.
Kd3 Qd2+ 33. Ke4 Qe3+ 0-1

[Event "Bunratty Masters 2013"]
[Site "Bunratty IRL"]
[Date "2013.03.01"]
[Round "1"]
[White "Bates, Richard"]
[Black "Pearson, Ray"]
[Result "1-0"]
[WhiteTitle "IM"]
[WhiteElo "2377"]
[BlackElo "1926"]
[WhiteNationality "ENG"]
[BlackNationality "WLS"]
[WhiteFideId "403555"]
[BlackFideId "1803018"]
[PlyCount "91"]
[Venue "Bunratty Castle Hotel, Bunratty, Co. Clare"]
[EventDate "2013.03.01"]

{ Event information: <a
href="https://www.irlchess.com/bunratty2013_allfiles/pairings_bunratty2013.html">Tournament
report</a>. }

1. e4 e6 2. d3 d5 3. Nd2 Nf6 4. Ngf3 dxe4 5. dxe4 Bc5 6. Bd3 Nc6 7. O-O e5
8. Nc4 Qe7 9. c3 a5 10. Ne3 O-O 11. Nd5 Qd6 12. Bg5 Nd7 13. Nh4 Nb6 14. Qe2
f6 15. Nxb6 Bxb6 16. Bc4+ Kh8 17. Be3 Bxe3 18. Qxe3 Be6 19. Rad1 Qe7 20.
Bd5 Ra6 21. Rd3 Bxd5 22. Rxd5 Rb6 23. Qh3 Kg8 24. Nf5 Qe8 25. b3 Nb8 26.
Rfd1 Rb5 27. Ne7+ Kf7 28. Qh5+ Kxe7 29. Qxe8+ Rxe8 30. Rxb5 b6 31. Rbd5 g6
32. f3 h5 33. h4 Rc8 34. Kf2 Ke6 35. Rd8 Rxd8 36. Rxd8 Nc6 37. Rg8 Ne7 38.
Rg7 c6 39. g4 hxg4 40. fxg4 b5 41. h5 gxh5 42. gxh5 f5 43. Rxe7+ Kxe7 44.
exf5 Kf6 45. h6 c5 46. Ke3 1-0

[Event "Bunratty Masters 2013"]
[Site "Bunratty IRL"]
[Date "2013.03.01"]
[Round "1"]
[White "Cafolla, Peter"]
[Black "Pein, Malcolm"]
[Result "0-1"]
[BlackTitle "IM"]
[WhiteElo "2051"]
[BlackElo "2378"]
[WhiteICU "2056"]
[WhiteNationality "IRL"]
[BlackNationality "ENG"]
[WhiteFideId "2500884"]
[BlackFideId "400289"]
[WhiteICUId "159"]
[PlyCount "60"]
[Venue "Bunratty Castle Hotel, Bunratty, Co. Clare"]
[EventDate "2013.03.01"]

{ Event information: <a
href="https://www.irlchess.com/bunratty2013_allfiles/pairings_bunratty2013.html">Tournament
report</a>. }

1. d4 Nf6 2. c4 c5 3. e3 g6 4. Nc3 Bg7 5. Nf3 O-O 6. Be2 d5 7. cxd5 Nxd5 8.
O-O Nc6 9. h3 Bf5 10. g4 Be6 11. Ne4 cxd4 12. exd4 Nf6 13. Nc5 Bd5 14. Be3
b6 15. Nd3 Rc8 16. Nf4 Qd6 17. Qa4 Na5 18. Nxd5 Nxd5 19. Bd2 Nf4 20. Bxf4
Qxf4 21. Rad1 e5 22. Kg2 Nc6 23. Ba6 Rc7 24. Rc1 Nxd4 25. Rxc7 Qxf3+ 26.
Kg1 Qxh3 27. f3 Qg3+ 28. Kh1 Qh3+ 29. Kg1 e4 30. Rc2 Nxc2 0-1

[Event "Bunratty Masters 2013"]
[Site "Bunratty IRL"]
[Date "2013.03.01"]
[Round "1"]
[White "Keogh, Eamon"]
[Black "Short, Philip"]
[Result "0-1"]
[WhiteTitle "NM"]
[BlackTitle "FM"]
[WhiteElo "1995"]
[BlackElo "2260"]
[WhiteICU "1873"]
[WhiteClub "Kilkenny"]
[WhiteNationality "IRL"]
[BlackNationality "IRL"]
[WhiteFideId "2500264"]
[BlackFideId "2500086"]
[WhiteICUId "731"]
[PlyCount "90"]
[Venue "Bunratty Castle Hotel, Bunratty, Co. Clare"]
[EventDate "2013.03.01"]

{ Event information: <a
href="https://www.irlchess.com/bunratty2013_allfiles/pairings_bunratty2013.html">Tournament
report</a>. }

1. f4 d5 2. Nf3 c5 3. e3 Nf6 4. d3 Nc6 5. Be2 e6 6. O-O Bd6 7. c4 a6 8. Nc3
Qc7 9. g3 d4 10. exd4 Nxd4 11. Nxd4 cxd4 12. Ne4 Be7 13. Bf3 O-O 14. Bd2
Bd7 15. b4 Nxe4 16. Bxe4 f5 17. Bg2 Bf6 18. Rc1 Rae8 19. b5 e5 20. Qb3 e4
21. b6 Qc8 22. Bb4 Rf7 23. Bd6 Bc6 24. Rce1 Qd7 25. c5 Qe6 26. Qxe6 Rxe6
27. Bh3 g6 28. g4 Bh4 29. gxf5 gxf5 30. Re2 Rg6+ 31. Rg2 Rfg7 32. Be5 Rxg2+
33. Bxg2 Rg6 34. Kh1 e3 35. Bxc6 Rxc6 36. Rg1+ Kf8 37. Bxd4 e2 38. Bc3 Bf2
39. d4 Bxg1 40. Kxg1 Kf7 41. Kf2 Ke6 42. Kxe2 Kd5 43. Kf3 Rg6 44. h4 h5 45.
Bb2 Rg4 0-1

[Event "Bunratty Masters 2013"]
[Site "Bunratty IRL"]
[Date "2013.03.01"]
[Round "1"]
[White "McPhillips, Joseph"]
[Black "Lyons, Brendan"]
[Result "1-0"]
[WhiteElo "2161"]
[BlackElo "2007"]
[BlackICU "1929"]
[BlackClub "St. Benildus"]
[WhiteNationality "ENG"]
[BlackNationality "IRL"]
[WhiteFideId "422487"]
[BlackFideId "2500698"]
[BlackICUId "817"]
[PlyCount "47"]
[Venue "Bunratty Castle Hotel, Bunratty, Co. Clare"]
[EventDate "2013.03.01"]

{ Event information: <a
href="https://www.irlchess.com/bunratty2013_allfiles/pairings_bunratty2013.html">Tournament
report</a>. }

1. e4 d5 2. exd5 Nf6 3. d4 Bg4 4. Be2 Bxe2 5. Qxe2 Qxd5 6. Nf3 e6 7. O-O
Bd6 8. c4 Qh5 9. Re1 Nc6 10. h3 O-O-O 11. Nc3 Rhg8 12. Qe3 g5 13. Nxg5 Nxd4
14. Rd1 Bf4 15. Qxf4 Ne2+ 16. Nxe2 Rxd1+ 17. Kh2 Qxe2 18. Qxf6 h6 19. Qxf7
Rdd8 20. Bf4 Qxc4 21. Rc1 Qxc1 22. Bxc1 hxg5 23. Qxe6+ Kb8 24. Qg4 1-0

[Event "Bunratty Masters 2013"]
[Site "Bunratty IRL"]
[Date "2013.03.01"]
[Round "1"]
[White "Menzies, Colin"]
[Black "Aguera Naredo, Javier"]
[Result "0-1"]
[BlackTitle "FM"]
[WhiteElo "2128"]
[BlackElo "2390"]
[WhiteNationality "IRL"]
[BlackNationality "ESP"]
[WhiteFideId "2502755"]
[BlackFideId "2204169"]
[PlyCount "60"]
[Venue "Bunratty Castle Hotel, Bunratty, Co. Clare"]
[EventDate "2013.03.01"]
[BlackFullName "Ag&uuml;era Naredo, Javier"]

{ Event information: <a
href="https://www.irlchess.com/bunratty2013_allfiles/pairings_bunratty2013.html">Tournament
report</a>. }

1. Nf3 d6 2. c4 e5 3. g3 f5 4. Bg2 Nf6 5. Nc3 Be7 6. Rb1 O-O 7. O-O Qe8 8.
b4 Qh5 9. d3 f4 10. gxf4 Bh3 11. Bxh3 Qxh3 12. Ng5 Qh4 13. f3 exf4 14. Nge4
Nc6 15. Qe1 Qh6 16. Qf2 Nxe4 17. Nxe4 Bh4 18. Qg2 Nd4 19. Rb2 Rae8 20. Kh1
Re6 21. Rg1 Rf5 22. e3 Rg6 23. exd4 Rxg2 24. Rgxg2 g6 25. d5 Be7 26. Rg4
Qh3 27. Nd2 Bf6 28. Rb1 Bd4 29. Rg2 Be3 30. Nb3 Rg5 0-1

[Event "Bunratty Masters 2013"]
[Site "Bunratty IRL"]
[Date "2013.03.01"]
[Round "1"]
[White "Murchadha, Oissine"]
[Black "Gonzalez Gonzalez, Alfonso"]
[Result "0-1"]
[WhiteElo "1855"]
[BlackElo "2117"]
[WhiteICU "1935"]
[WhiteClub "Galway"]
[WhiteNationality "IRL"]
[BlackNationality "ESP"]
[WhiteFideId "2503603"]
[BlackFideId "2223007"]
[WhiteICUId "6722"]
[PlyCount "80"]
[Venue "Bunratty Castle Hotel, Bunratty, Co. Clare"]
[EventDate "2013.03.01"]
[BlackFullName "Gonz&aacute;lez Gonz&aacute;lez, Alfonso"]

{ Event information: <a
href="https://www.irlchess.com/bunratty2013_allfiles/pairings_bunratty2013.html">Tournament
report</a>. }

1. e4 e5 2. Nf3 Nc6 3. Bb5 a6 4. Ba4 d6 5. O-O Bd7 6. c3 Nge7 7. d4 Ng6 8.
d5 Nb8 9. c4 Be7 10. Nc3 O-O 11. Be3 f5 12. Bxd7 Nxd7 13. Ne1 Bg5 14. exf5
Nf4 15. Bxf4 Bxf4 16. g3 Bh6 17. Ne4 Rxf5 18. Nd3 Qe7 19. Qe2 Raf8 20. f3
a5 21. Rab1 Ra8 22. b4 axb4 23. Rxb4 b6 24. Nc3 Rf7 25. Ra1 Qg5 26. Kg2
Raf8 27. Ne4 Qe3 28. Qxe3 Bxe3 29. Rf1 h6 30. Ra4 Nf6 31. Nxf6+ Rxf6 32.
Ra3 Bd4 33. Nf2 Bxf2 34. Rxf2 g5 35. Re2 Kg7 36. Re4 Kg6 37. h3 h5 38. Re2
h4 39. g4 Rf4 40. Re4 R8f7 0-1

[Event "Bunratty Masters 2013"]
[Site "Bunratty IRL"]
[Date "2013.03.01"]
[Round "1"]
[White "Orr, Mark J. L."]
[Black "Doyle, Hugh"]
[Result "1-0"]
[WhiteTitle "IM"]
[WhiteElo "2240"]
[BlackElo "1920"]
[BlackICU "1996"]
[WhiteClub "Wandering Dragons SCO"]
[BlackClub "Cork"]
[WhiteNationality "IRL"]
[BlackNationality "IRL"]
[WhiteFideId "2500035"]
[BlackFideId "2500876"]
[BlackICUId "10145"]
[PlyCount "67"]
[Venue "Bunratty Castle Hotel, Bunratty, Co. Clare"]
[EventDate "2013.03.01"]

{ Event information: <a
href="https://www.irlchess.com/bunratty2013_allfiles/pairings_bunratty2013.html">Tournament
report</a>. }

1. Nf3 c5 2. c4 Nc6 3. b3 e5 4. d3 g6 5. Bb2 Bg7 6. g3 Nge7 7. Bg2 O-O 8.
Nc3 Rb8 9. O-O a6 10. e3 b5 11. Qe2 d6 12. Ne1 f5 13. Nd5 Bd7 14. f4 bxc4
15. dxc4 e4 16. Bxg7 Kxg7 17. Qb2+ Kh6 18. Nxe7 Qxe7 19. Nc2 a5 20. Qc3 Qf6
21. Qd2 Rfd8 22. g4 Kg7 23. g5 Qf8 24. Rfd1 Be6 25. Na3 Kf7 26. Bf1 Qh8 27.
Nb5 Ke7 28. Rab1 Rd7 29. Qc1 Rbd8 30. Rb2 Qg7 31. Rbd2 Qh8 32. Qa3 Qg7 33.
h4 h5 34. Rxd6 1-0

[Event "Bunratty Masters 2013"]
[Site "Bunratty IRL"]
[Date "2013.03.01"]
[Round "1"]
[White "Rawlinson, Aidan"]
[Black "Fehr, Jukka"]
[Result "1-0"]
[WhiteElo "2171"]
[BlackElo "1973"]
[WhiteNationality "ENG"]
[BlackNationality "FIN"]
[WhiteFideId "413496"]
[BlackFideId "4674693"]
[PlyCount "83"]
[Venue "Bunratty Castle Hotel, Bunratty, Co. Clare"]
[EventDate "2013.03.01"]

{ Event information: <a
href="https://www.irlchess.com/bunratty2013_allfiles/pairings_bunratty2013.html">Tournament
report</a>. }

1. d4 d5 2. c4 c6 3. Nf3 Nf6 4. e3 Bf5 5. Nc3 e6 6. Nh4 Bg6 7. Be2 Ne4 8.
Nxg6 Nxc3 9. bxc3 hxg6 10. Qb3 Qc7 11. g3 Nd7 12. Rb1 Rb8 13. O-O Bd6 14.
cxd5 cxd5 15. c4 dxc4 16. Bxc4 O-O 17. Bd2 Nf6 18. Rfc1 Qe7 19. Bd3 e5 20.
Bxg6 Kh8 21. Bf5 e4 22. Bb4 g6 23. Bh3 Nh7 24. Bg2 Ng5 25. a3 Rfd8 26. Qd1
Qf6 27. Qg4 Qf5 28. Qxf5 gxf5 29. h4 Nf3+ 30. Bxf3 exf3 31. Bxd6 Rxd6 32.
Rc5 Ra6 33. Rb3 Kg7 34. Rxf5 b6 35. Rxf3 Rc8 36. Rf5 Rc1+ 37. Kg2 Ra1 38.
Rbb5 R6xa3 39. Rg5+ Kf8 40. h5 R1a2 41. h6 Rxe3 42. h7 1-0

[Event "Bunratty Masters 2013"]
[Site "Bunratty IRL"]
[Date "2013.03.01"]
[Round "1"]
[White "Rendle, Thomas"]
[Black "O'Donnell, Conor"]
[Result "1-0"]
[WhiteTitle "IM"]
[WhiteElo "2374"]
[BlackElo "1970"]
[BlackICU "2065"]
[BlackClub "Gonzaga"]
[WhiteNationality "ENG"]
[BlackNationality "IRL"]
[WhiteFideId "408760"]
[BlackFideId "2504243"]
[BlackICUId "10792"]
[PlyCount "141"]
[Venue "Bunratty Castle Hotel, Bunratty, Co. Clare"]
[EventDate "2013.03.01"]

{ Event information: <a
href="https://www.irlchess.com/bunratty2013_allfiles/pairings_bunratty2013.html">Tournament
report</a>. }

1. e4 c6 2. Nf3 d5 3. Nc3 Nf6 4. e5 Ne4 5. d4 Bg4 6. h3 Nxc3 7. bxc3 Bxf3
8. Qxf3 e6 9. Rb1 Qc7 10. Be2 Nd7 11. O-O f6 12. Qg4 f5 13. Qh4 Be7 14.
Bh5+ Kf8 15. Qg3 Nb6 16. Qd3 c5 17. g4 g6 18. gxf5 exf5 19. Bh6+ Ke8 20.
Be2 Rc8 21. Qb5+ Kf7 22. Bf4 Kg7 23. a4 cxd4 24. a5 Nc4 25. Qxd5 Nxa5 26.
cxd4 Rhd8 27. Qe6 Rxd4 28. Be3 Re4 29. Bf3 Ra4 30. Bxa7 Nc6 31. Bxc6 Rxa7
32. Bd7 Rf8 33. Rfd1 Bh4 34. Qd5 b6 35. Qd4 Be7 36. e6+ Bf6 37. Qxb6 Qxb6
38. Rxb6 Rc7 39. Ba4 Ra8 40. Bb3 Ra1 41. Rxa1 Bxa1 42. Rb8 Kf6 43. Kf1 Be5
44. Rh8 Kg7 45. Rg8+ Kf6 46. Rh8 Kg7 47. Rd8 Kf6 48. Ke2 Ke7 49. Ra8 Bd4
50. f3 Bf6 51. Kd2 Bc3+ 52. Kd3 Be5 53. Bd5 Rc3+ 54. Kd2 Rc7 55. c4 Bf6 56.
Kc2 Kd6 57. Kb3 Be7 58. Kb4 Ke5+ 59. Kb5 h5 60. Kb6 Bd6 61. Rd8 g5 62. Rd7
Rc8 63. h4 gxh4 64. f4+ Kxf4 65. Rxd6 h3 66. e7 Re8 67. Re6 Kg3 68. Kc6 f4
69. Kd7 f3 70. Kxe8 h2 71. Re1 1-0

[Event "Bunratty Masters 2013"]
[Site "Bunratty IRL"]
[Date "2013.03.01"]
[Round "1"]
[White "Trent, Lawrence"]
[Black "Fox, Anthony"]
[Result "1/2-1/2"]
[WhiteTitle "IM"]
[WhiteElo "2427"]
[BlackElo "2108"]
[BlackICU "2055"]
[BlackClub "Dun Laoghaire"]
[WhiteNationality "ENG"]
[BlackNationality "IRL"]
[WhiteFideId "408638"]
[BlackFideId "2500736"]
[BlackICUId "456"]
[PlyCount "81"]
[Venue "Bunratty Castle Hotel, Bunratty, Co. Clare"]
[EventDate "2013.03.01"]

{ Event information: <a
href="https://www.irlchess.com/bunratty2013_allfiles/pairings_bunratty2013.html">Tournament
report</a>. }

1. e4 e5 2. Nf3 Nc6 3. Nc3 Nf6 4. d4 exd4 5. Nxd4 Bb4 6. Nxc6 bxc6 7. Bd3
d5 8. exd5 cxd5 9. O-O O-O 10. h3 c6 11. Qf3 Re8 12. Bf4 Bd6 13. Rfe1 Be6
14. Ne2 Rb8 15. b3 c5 16. Rad1 Bxf4 17. Nxf4 Qc7 18. c4 d4 19. Bb1 a5 20.
Bc2 Qd6 21. Nd3 Bd7 22. Qf4 Qxf4 23. Nxf4 Bc6 24. h4 g6 25. f3 h5 26. Kf2
Kg7 27. Nd3 Nd7 28. Kg3 Rbd8 29. Kf4 f6 30. g4 g5+ 31. hxg5 fxg5+ 32. Kg3
h4+ 33. Kf2 Kf6 34. a3 Ne5 35. Nxc5 Bxf3 36. Rd2 Bxg4 37. Ne4+ Kg7 38. Nxg5
Rf8+ 39. Kg2 Nf3 40. Nxf3 Bxf3+ 41. Kh3 1/2-1/2

[Event "Bunratty Masters 2013"]
[Site "Bunratty IRL"]
[Date "2013.03.02"]
[Round "2"]
[White "Aguera Naredo, Javier"]
[Black "McPhillips, Joseph"]
[Result "1/2-1/2"]
[WhiteTitle "FM"]
[WhiteElo "2390"]
[BlackElo "2161"]
[WhiteNationality "ESP"]
[BlackNationality "ENG"]
[WhiteFideId "2204169"]
[BlackFideId "422487"]
[PlyCount "81"]
[Venue "Bunratty Castle Hotel, Bunratty, Co. Clare"]
[EventDate "2013.03.01"]
[WhiteFullName "Ag&uuml;era Naredo, Javier"]

{ Event information: <a
href="https://www.irlchess.com/bunratty2013_allfiles/pairings_bunratty2013.html">Tournament
report</a>. }

1. e4 e6 2. d4 d5 3. Nd2 Nf6 4. Bd3 c5 5. e5 Nfd7 6. c3 Nc6 7. Ngf3 g6 8.
O-O Bg7 9. Re1 O-O 10. Nf1 cxd4 11. cxd4 Qb6 12. Bc2 f6 13. exf6 Nxf6 14.
Rb1 Bd7 15. Ng3 Ng4 16. Be3 Nxe3 17. fxe3 Rad8 18. a3 e5 19. Nxe5 Nxe5 20.
dxe5 Be6 21. Qd4 Qc7 22. Bb3 Bxe5 23. Qh4 Qb6 24. Ba2 Bxg3 25. Qxg3 Bf5 26.
Rbd1 Be4 27. Qe5 Rfe8 28. Qd4 Qxd4 29. Rxd4 Kg7 30. Red1 Kf6 31. Rf1+ Ke5
32. Rf7 Rc8 33. Rd2 Rf8 34. Rxf8 Rxf8 35. Bb3 Rc8 36. Kf2 g5 37. Bd1 b6 38.
Be2 Rc7 39. Bd1 Rc8 40. Be2 Rc7 41. Bd1 1/2-1/2

[Event "Bunratty Masters 2013"]
[Site "Bunratty IRL"]
[Date "2013.03.02"]
[Round "2"]
[White "Fehr, Jukka"]
[Black "Menzies, Colin"]
[Result "0-1"]
[WhiteElo "1973"]
[BlackElo "2128"]
[WhiteNationality "FIN"]
[BlackNationality "IRL"]
[WhiteFideId "4674693"]
[BlackFideId "2502755"]
[PlyCount "120"]
[Venue "Bunratty Castle Hotel, Bunratty, Co. Clare"]
[EventDate "2013.03.01"]

{ Event information: <a
href="https://www.irlchess.com/bunratty2013_allfiles/pairings_bunratty2013.html">Tournament
report</a>. }

1. d4 Nf6 2. Nf3 e6 3. e3 c5 4. c4 cxd4 5. exd4 d6 6. Nc3 Be7 7. Be2 O-O 8.
O-O b6 9. b3 Bb7 10. Bb2 Nbd7 11. Qd3 a6 12. Rae1 Ra7 13. Nd2 Qa8 14. f3
Rd8 15. Bd1 d5 16. Qe2 Nf8 17. Na4 N8d7 18. Nc3 Bc6 19. f4 Nf8 20. cxd5
Nxd5 21. Nxd5 Bxd5 22. Qf2 Ng6 23. Nc4 Qb8 24. Ne3 Bc6 25. a3 Bb5 26. Be2
Bxe2 27. Rxe2 Rad7 28. Kh1 Bh4 29. Qf3 Bf6 30. f5 Nh4 31. Qg4 Nxf5 32. Nxf5
exf5 33. Qxf5 Rd5 34. Qf3 h6 35. Rfe1 Qc8 36. Qxd5 Rxd5 37. Re8+ Qxe8 38.
Rxe8+ Kh7 39. Re4 Kg6 40. g3 Kf5 41. Rf4+ Ke6 42. Re4+ Kd6 43. Kg2 Rb5 44.
b4 Kd5 45. Re8 a5 46. Bc3 axb4 47. axb4 Kc4 48. Rc8+ Kd3 49. Kf3 Bxd4 50.
Bxd4 Kxd4 51. Rc7 Kd3 52. Rc8 Kd4 53. Rc7 Rf5+ 54. Kg4 Rf2 55. h4 Kd5 56.
b5 Rf6 57. Kh5 Ke4 58. g4 Rf4 59. Rc6 g6+ 60. Kxh6 Rxg4 0-1

[Event "Bunratty Masters 2013"]
[Site "Bunratty IRL"]
[Date "2013.03.02"]
[Round "2"]
[White "Fox, Anthony"]
[Black "Steil-Antoni, Fiona"]
[Result "1/2-1/2"]
[BlackTitle "WIM"]
[WhiteElo "2108"]
[BlackElo "2152"]
[WhiteICU "2055"]
[WhiteClub "Dun Laoghaire"]
[WhiteNationality "IRL"]
[BlackNationality "LUX"]
[WhiteFideId "2500736"]
[BlackFideId "4001249"]
[WhiteICUId "456"]
[PlyCount "111"]
[Venue "Bunratty Castle Hotel, Bunratty, Co. Clare"]
[EventDate "2013.03.01"]

{ Source: Herbert Scarry, tournament web site; TWIC 956. } { Other
information: Tournament information: Gerry Graham, <a
href="http://www.icu.ie/articles/374">The Bunratty Chess Festival</a>, ICU
web site; <a href="http://ratings.icu.ie/tournaments/254">pairings &amp;
results</a>, ICU ratings web site. } { Event information: <a
href="https://www.irlchess.com/bunratty2013_allfiles/pairings_bunratty2013.html">Tournament
report</a>. }

1. e4 e5 2. Nf3 Nc6 3. Bb5 a6 4. Ba4 d6 5. O-O Bd7 6. c3 Nge7 7. d4 Ng6 8.
d5 Nb8 9. c4 Be7 10. Nc3 O-O 11. Bxd7 Nxd7 12. Be3 Nf6 13. Nd2 Qd7 14. h3
h6 15. Kh2 Nh7 16. Qg4 Rad8 17. Qxd7 Rxd7 18. g3 f5 19. exf5 Rxf5 20. Nde4
Bd8 21. Rac1 Rf8 22. Kg2 Ne7 23. c5 Nf5 24. c6 bxc6 25. dxc6 Rdf7 26. Nd5
Nxe3+ 27. fxe3 Rxf1 28. Rxf1 Rxf1 29. Kxf1 Kf7 30. Ke2 Ke6 31. Nec3 Ng5 32.
h4 Ne4 33. Nxc7+ Bxc7 34. Nxe4 Kd5 35. Nc3+ Kxc6 36. e4 Bd8 37. h5 Kc5 38.
Kd3 Bg5 39. Nd5 Bc1 40. b3 a5 41. Nc7 Kc6 42. Ne6 d5 43. Nxg7 d4 44. Nf5
Kc5 45. Ne7 Bg5 46. Nd5 Bd8 47. a3 Kb5 48. a4+ Kc5 49. g4 Bh4 50. Kc2 Bd8
51. Kd2 Bg5+ 52. Kd3 Bd8 53. Kc2 Bh4 54. Kd3 Bd8 55. Kc2 Bh4 56. Kd3
1/2-1/2

[Event "Bunratty Masters 2013"]
[Site "Bunratty IRL"]
[Date "2013.03.02"]
[Round "2"]
[White "Gonzalez Gonzalez, Alfonso"]
[Black "Rendle, Thomas"]
[Result "0-1"]
[BlackTitle "IM"]
[WhiteElo "2117"]
[BlackElo "2374"]
[WhiteNationality "ESP"]
[BlackNationality "ENG"]
[WhiteFideId "2223007"]
[BlackFideId "408760"]
[PlyCount "86"]
[Venue "Bunratty Castle Hotel, Bunratty, Co. Clare"]
[EventDate "2013.03.01"]
[WhiteFullName "Gonz&aacute;lez Gonz&aacute;lez, Alfonso"]

{ Event information: <a
href="https://www.irlchess.com/bunratty2013_allfiles/pairings_bunratty2013.html">Tournament
report</a>. }

1. d4 f5 2. Nc3 Nf6 3. Bg5 d5 4. Bxf6 exf6 5. e3 Be6 6. g3 Nc6 7. Nge2 Qd7
8. Nf4 Bf7 9. Qf3 Ne7 10. Bg2 c6 11. a3 Nc8 12. Nb1 Nd6 13. Nd2 O-O-O 14.
Nd3 Ne4 15. Nb3 g6 16. Qe2 h5 17. h4 Bd6 18. Ndc5 Qe7 19. Nxe4 fxe4 20. Nd2
Kb8 21. c4 c5 22. dxc5 Bxc5 23. b4 Bd6 24. Rb1 Be5 25. c5 f5 26. Nb3 Bc3+
27. Kf1 d4 28. Nxd4 Bxd4 29. exd4 Rxd4 30. Kg1 Rd3 31. Bf1 Qe5 32. c6 Bd5
33. b5 Qd4 34. Rh3 Rc8 35. g4 Rxh3 36. Bxh3 hxg4 37. Bg2 g3 38. Qb2 gxf2+
39. Qxf2 Qxf2+ 40. Kxf2 bxc6 41. b6 axb6 42. Rxb6+ Kc7 43. Rb1 Kd6 0-1

[Event "Bunratty Masters 2013"]
[Site "Bunratty IRL"]
[Date "2013.03.02"]
[Round "2"]
[White "Moran, Stephen"]
[Black "Trent, Lawrence"]
[Result "0-1"]
[BlackTitle "IM"]
[WhiteElo "2019"]
[BlackElo "2427"]
[WhiteICU "1970"]
[WhiteClub "T.C.D."]
[WhiteNationality "IRL"]
[BlackNationality "ENG"]
[WhiteFideId "2501872"]
[BlackFideId "408638"]
[WhiteICUId "5388"]
[PlyCount "72"]
[Venue "Bunratty Castle Hotel, Bunratty, Co. Clare"]
[EventDate "2013.03.01"]

{ Event information: <a
href="https://www.irlchess.com/bunratty2013_allfiles/pairings_bunratty2013.html">Tournament
report</a>. }

1. d4 f5 2. Nf3 e6 3. g3 Nf6 4. Bg2 Be7 5. O-O O-O 6. c4 d6 7. Nc3 Ne4 8.
Nxe4 fxe4 9. Ne1 d5 10. f3 Nc6 11. Be3 Bg5 12. Bxg5 Qxg5 13. f4 Qf6 14. Nc2
Na5 15. Ne3 Rd8 16. Ng4 Qe7 17. c5 Nc6 18. Qd2 a5 19. Rac1 Bd7 20. b3 b6
21. a3 Rdb8 22. b4 axb4 23. axb4 Ra4 24. Ne5 Nxe5 25. fxe5 Bb5 26. Ra1 Rba8
27. Rxa4 Rxa4 28. Rc1 bxc5 29. bxc5 h6 30. h3 Ra3 31. Qb4 Rxg3 32. Qxb5 Qg5
33. Qe8+ Kh7 34. Qxe6 Qxc1+ 35. Kh2 Qf4 36. Kg1 Qg5 0-1

[Event "Bunratty Masters 2013"]
[Site "Bunratty IRL"]
[Date "2013.03.02"]
[Round "2"]
[White "Moynihan, Kieran"]
[Black "Bates, Richard"]
[Result "0-1"]
[BlackTitle "IM"]
[WhiteElo "2179"]
[BlackElo "2377"]
[WhiteICU "2107"]
[WhiteClub "C.C.Y.M.S."]
[WhiteNationality "IRL"]
[BlackNationality "ENG"]
[WhiteFideId "2500663"]
[BlackFideId "403555"]
[WhiteICUId "929"]
[PlyCount "50"]
[Venue "Bunratty Castle Hotel, Bunratty, Co. Clare"]
[EventDate "2013.03.01"]

{ Event information: <a
href="https://www.irlchess.com/bunratty2013_allfiles/pairings_bunratty2013.html">Tournament
report</a>. }

1. d4 Nf6 2. c4 g6 3. Nc3 Bg7 4. e4 d6 5. f3 O-O 6. Be3 c5 7. Nge2 Nc6 8.
d5 Ne5 9. Ng3 e6 10. Be2 exd5 11. cxd5 a6 12. a4 h5 13. O-O Nh7 14. Qd2 Bd7
15. f4 Ng4 16. Bxg4 Bxg4 17. e5 h4 18. Nge4 dxe5 19. Bxc5 Re8 20. Rae1 exf4
21. Qxf4 f5 22. Nf2 Bh5 23. Nd3 h3 24. Bd4 Qg5 25. Qxg5 $4 (25. Rxe8+ Rxe8
26. Rf2 $17) 25... Bxd4+ 0-1